| 000 | 00364nam a2200145Ia 4500 | ||
|---|---|---|---|
| 008 | 230917s9999||||xx |||||||||||||| ||und|| | ||
| 040 |
_e199956 _aMAIN |
||
| 041 | _aEnglish | ||
| 082 | _a581.192 G472P | ||
| 100 | _aGleason, Florence K | ||
| 245 | 0 | _aPlant Biochemistry | |
| 260 |
_aCanada _bJohes and Bartlett Learning _c2012 |
||
| 300 | _a240 p. | ||
| 942 | _cBK | ||
| 999 |
_c159592 _d159592 |
||